[Event "Mitropacup 2006 Women´s section"]
[Site "Brno, Hotel Bobbycentrum"]
[Date "????.??.??"]
[Round "3.4"]
[White "Gregorova, Zuzana"]
[Black "Delorme, Laurie"]
[Result "0-1"]
[WhiteElo "2145"]
[BlackElo "2068"]
[PlyCount "52"]
[EventDate "2006.09.07"]

1. e4 e5 2. Nf3 Nc6 3. Bb5 a6 4. Ba4 Nf6 5. O-O Nxe4 6. d4 b5 7. Bb3 d5 8. dxe5
Be6 9. c3 Bc5 10. Nbd2 O-O 11. Bc2 Nxf2 12. Rxf2 f6 13. Nb3 Bxf2+ 14. Kxf2 fxe5
15. Kg1 Bg4 16. h3 Bxf3 17. gxf3 Qd6 18. Qd3 g6 19. Kg2 Nd8 20. a4 Rb8 21. axb5
axb5 22. Ra5 c6 23. Ra7 Ne6 24. Rxh7 e4 25. fxe4 Nf4+ 26. Bxf4 Qxf4 0-1

[Event "Mitropacup 2006 Women´s section"]
[Site "Brno, Hotel Bobbycentrum"]
[Date "????.??.??"]
[Round "3.4"]
[White "Benard, Anne-Laurie"]
[Black "Machalova, Erika"]
[Result "1/2-1/2"]
[WhiteElo "2046"]
[BlackElo "2064"]
[PlyCount "113"]
[EventDate "2006.09.07"]

1. e4 c5 2. Nc3 Nc6 3. f4 g6 4. Nf3 Bg7 5. Bc4 e6 6. f5 Nge7 7. fxe6 fxe6 8. d3
d5 9. exd5 exd5 10. Bb5 O-O 11. O-O Nd4 12. Bg5 Rf5 13. Qd2 Be6 14. Ba4 Nxf3+
15. Rxf3 Rxf3 16. gxf3 Bd4+ 17. Kg2 Qb6 18. Bxe7 Qxb2 19. Rb1 Qxc3 20. Qxc3
Bxc3 21. Rxb7 c4 22. dxc4 dxc4 23. Bc6 Rc8 24. Be4 a5 25. Rb5 Re8 26. Bg5 Rc8
27. Rb6 Bf7 28. Bh6 Bb4 29. a4 Rd8 30. Rc6 Re8 31. Be3 Bc3 32. Kf2 Rd8 33. Ke2
Rb8 34. Bh6 Re8 35. Be3 Rb8 36. Bd2 Bb4 37. Bf4 Rd8 38. Be5 Re8 39. f4 Re6 40.
Rc8+ Re8 41. Rxe8+ Bxe8 42. Bd5+ Kf8 43. Bxc4 Bxa4 44. c3 Bc5 45. Bc7 Bg1 46.
Bxa5 Bxh2 47. Bb4+ Ke8 48. Kf3 Bd1+ 49. Ke3 Bc2 50. Be2 Bf5 51. c4 Bg1+ 52. Kf3
Kd7 53. Kg2 Be3 54. Kg3 h5 55. Bf3 h4+ 56. Kxh4 Bxf4 57. Bg4 1/2-1/2

[Event "Mitropacup 2006 Women´s section"]
[Site "Brno, Hotel Bobbycentrum"]
[Date "????.??.??"]
[Round "3.5"]
[White "Machalova, Veronika"]
[Black "Rozic, Vesna"]
[Result "0-1"]
[WhiteElo "2212"]
[BlackElo "2252"]
[PlyCount "106"]
[EventDate "2006.09.07"]

1. e4 e6 2. d4 d5 3. Nd2 c5 4. exd5 Qxd5 5. Ngf3 cxd4 6. Bc4 Qd6 7. Qe2 Nf6 8.
Nb3 Nc6 9. Bg5 Qb4+ 10. Bd2 Qb6 11. Bb5 Bd7 12. O-O-O Be7 13. Bxc6 Qxc6 14.
Nbxd4 Qe4 15. Rhe1 Qxe2 16. Rxe2 O-O 17. Ne5 Rfd8 18. Bg5 h6 19. Bh4 Be8 20.
Rdd2 g5 21. Bg3 Nh5 22. Ng4 Nxg3 23. hxg3 h5 24. Ne3 Bf6 25. c3 Rac8 26. Ndc2
Kf8 27. Re1 Rxd2 28. Kxd2 Rd8+ 29. Kc1 Kg7 30. Rd1 Rxd1+ 31. Kxd1 Be5 32. Ke2
f5 33. Nd4 Kf6 34. Kd3 Bd6 35. a3 Bd7 36. b4 e5 37. Ne2 Bc6 38. c4 Be4+ 39. Kd2
f4 40. Nd5+ Ke6 41. gxf4 exf4 42. f3 Bxd5 43. cxd5+ Kxd5 44. Kd3 Be5 45. Ng1 g4
46. Ne2 b5 47. Kd2 Kc4 48. Kc2 a6 49. Ng1 Bd4 50. Ne2 gxf3 51. gxf3 Be3 52. Nc3
h4 53. Ne4 h3 0-1

[Event "Mitropacup 2006 Women´s section"]
[Site "Brno, Hotel Bobbycentrum"]
[Date "????.??.??"]
[Round "3.5"]
[White "Novak, Ksenija"]
[Black "Machalova, Maria"]
[Result "1-0"]
[WhiteElo "2169"]
[BlackElo "2166"]
[PlyCount "120"]
[EventDate "2006.09.07"]

1. e4 c5 2. Nf3 Nc6 3. d4 cxd4 4. Nxd4 g6 5. Nc3 Bg7 6. Be3 Nf6 7. Bc4 Qa5 8.
O-O O-O 9. Bb3 d6 10. h3 Bd7 11. f4 Nxd4 12. Bxd4 Bc6 13. Nd5 Bxd5 14. exd5 b5
15. Qf3 Nh5 16. Bxg7 Nxg7 17. Rfe1 Rfe8 18. Re4 Rab8 19. Rae1 Rb7 20. g4 f5 21.
R4e2 Qb6+ 22. Kh2 Qd4 23. c3 fxg4 24. hxg4 Qf6 25. Bc2 Rf8 26. Kg3 b4 27. Rh1
bxc3 28. g5 Nf5+ 29. Bxf5 Qxf5 30. bxc3 Rc7 31. Rhe1 Rc4 32. Re4 Rxe4 33. Qxe4
Qxe4 34. Rxe4 Kf7 35. Ra4 Rc8 36. c4 Rc5 37. Kf3 a5 38. Ke4 e6 39. Kd4 exd5 40.
cxd5 Rb5 41. Rc4 Rb2 42. Rc7+ Ke8 43. Rxh7 Rxa2 44. Rg7 Ra4+ 45. Ke3 Ra3+ 46.
Ke4 Ra4+ 47. Kf3 Rd4 48. Rxg6 Rxd5 49. Ke4 Rd1 50. Rg8+ Ke7 51. Ra8 Ke6 52. f5+
Kf7 53. Ra7+ Kf8 54. f6 Rf1 55. Rxa5 Kf7 56. Ra7+ Kf8 57. Rd7 Kg8 58. Rxd6 Kf7
59. Rd7+ Kf8 60. Ke5 Ke8 1-0

[Event "Mitropacup 2006 Women´s section"]
[Site "Brno, Hotel Bobbycentrum"]
[Date "????.??.??"]
[Round "4.1"]
[White "Medunova, Vera"]
[Black "Rozic, Vesna"]
[Result "1/2-1/2"]
[WhiteElo "2172"]
[BlackElo "2252"]
[PlyCount "49"]
[EventDate "2006.09.07"]

1. e4 e6 2. d4 d5 3. Nc3 Nf6 4. Bg5 dxe4 5. Nxe4 Be7 6. Nxf6+ Bxf6 7. Bxf6 Qxf6
8. Nf3 Nd7 9. c3 O-O 10. Be2 e5 11. dxe5 Nxe5 12. Nxe5 Qxe5 13. O-O Be6 14. Bf3
Rad8 15. Qc1 b6 16. Re1 Qf6 17. Qc2 g6 18. a3 Bd5 19. Bxd5 Rxd5 20. Rad1 Rfd8
21. Rxd5 Rxd5 22. g3 c5 23. Qe4 Rd2 24. Re2 Rxe2 25. Qxe2 1/2-1/2

[Event "Mitropacup 2006 Women´s section"]
[Site "Brno, Hotel Bobbycentrum"]
[Date "????.??.??"]
[Round "4.1"]
[White "Novak, Ksenija"]
[Black "Nemcova, Katerina"]
[Result "1-0"]
[WhiteElo "2169"]
[BlackElo "2169"]
[PlyCount "85"]
[EventDate "2006.09.07"]

1. Nf3 Nf6 2. g3 g6 3. Bg2 Bg7 4. O-O O-O 5. Nc3 d6 6. e4 e5 7. d4 Nbd7 8. dxe5
dxe5 9. Qe2 c6 10. Bg5 Qc7 11. Ne1 Nc5 12. Nd3 Ne6 13. Bxf6 Bxf6 14. f4 b6 15.
Rad1 Ba6 16. Kh1 Rad8 17. Qf2 Nc5 18. Qe3 Qe7 19. fxe5 Bxe5 20. Nxe5 Qxe5 21.
Rfe1 Ne6 22. b3 Nd4 23. Qf2 Bc8 24. Nd5 c5 25. c3 Nc6 26. Qf4 Kg7 27. Rf1 f6
28. Rd2 g5 29. Qf3 Qe6 30. Rdf2 Ne5 31. Qe2 Qg4 32. Qe3 Rd6 33. Kg1 Qh5 34. Qd2
Bg4 35. Nf4 gxf4 36. Qxd6 f3 37. Bh1 Nf7 38. Qe7 Qe5 39. Qxa7 Re8 40. Bxf3 Bxf3
41. Rxf3 Qxe4 42. Rxf6 Qe3+ 43. R6f2 1-0

[Event "Mitropacup 2006 Women´s section"]
[Site "Brno, Hotel Bobbycentrum"]
[Date "????.??.??"]
[Round "4.2"]
[White "Flear, Christine"]
[Black "Machalova, Veronika"]
[Result "1/2-1/2"]
[WhiteElo "2198"]
[BlackElo "2212"]
[PlyCount "40"]
[EventDate "2006.09.07"]

1. d4 Nf6 2. Nf3 e6 3. g3 b6 4. Bg2 Bb7 5. O-O d5 6. b3 Nbd7 7. Bb2 Bd6 8. Nbd2
O-O 9. e3 Ne4 10. Nxe4 dxe4 11. Nd2 f5 12. f3 exf3 13. Bxf3 Bxf3 14. Qxf3 Qg5
15. Rad1 Rad8 16. Nc4 Nf6 17. Ba3 Ne4 18. Bxd6 cxd6 19. Nd2 Nc3 20. Rde1 g6
1/2-1/2

[Event "Mitropacup 2006 Women´s section"]
[Site "Brno, Hotel Bobbycentrum"]
[Date "????.??.??"]
[Round "4.2"]
[White "Machalova, Maria"]
[Black "Delorme, Laurie"]
[Result "1-0"]
[WhiteElo "2166"]
[BlackElo "2068"]
[PlyCount "111"]
[EventDate "2006.09.07"]

1. c4 c5 2. Nc3 Nc6 3. g3 g6 4. Bg2 Bg7 5. e3 Bxc3 6. bxc3 d6 7. d3 Qd7 8. Ne2
b6 9. O-O Bb7 10. a4 O-O-O 11. e4 f5 12. exf5 gxf5 13. Nf4 Ne5 14. Bd5 Nf6 15.
f3 Nxd5 16. cxd5 Ng6 17. Qb3 Nxf4 18. Bxf4 Ba6 19. c4 e5 20. dxe6 Qxe6 21. Qb2
Qd7 22. a5 b5 23. d4 b4 24. dxc5 dxc5 25. Rad1 Qxd1 26. Rxd1 Rxd1+ 27. Kf2 Rd4
28. Be5 Rhd8 29. Bxd4 Rxd4 30. Qc2 Rxc4 31. Qxf5+ Kc7 32. Qxh7+ Kc6 33. Qxa7
Rc2+ 34. Ke1 Bd3 35. Qb6+ Kd5 36. a6 Bxa6 37. Qxa6 Kd4 38. Qf6+ Kc4 39. g4 b3
40. Kd1 Kb4 41. Qb6+ Ka3 42. g5 Kb2 43. g6 Rc1+ 44. Ke2 Rc2+ 45. Ke3 c4 46. g7
Rg2 47. Qd4+ c3 48. h4 Kc2 49. Qe4+ Kb2 50. Qe5 Kc2 51. Qe4+ Kb2 52. Qd4 Kc2
53. h5 b2 54. Qd3+ Kb3 55. h6 Ka2 56. Qxc3 1-0

[Event "Mitropacup 2006 Women´s section"]
[Site "Brno, Hotel Bobbycentrum"]
[Date "????.??.??"]
[Round "4.3"]
[White "Franciskovic, Borka"]
[Black "Gregorova, Zuzana"]
[Result "1/2-1/2"]
[WhiteElo "2160"]
[BlackElo "2145"]
[PlyCount "111"]
[EventDate "2006.09.07"]

1. Nf3 Nf6 2. c4 g6 3. g3 Bg7 4. Bg2 O-O 5. Nc3 Re8 6. O-O e5 7. d3 c6 8. Bg5
h6 9. Bxf6 Qxf6 10. Rb1 Na6 11. b4 Qe7 12. Qb3 d6 13. b5 Nc5 14. Qa3 Bd7 15.
Nd2 f5 16. Nb3 Nxb3 17. Rxb3 e4 18. dxe4 Bxc3 19. Rxc3 fxe4 20. Rd1 c5 21. Qc1
Qf6 22. Ra3 Bg4 23. Qd2 Kg7 24. h3 Be6 25. Qxd6 Bxc4 26. Qxc5 Qe7 27. Qd4+ Kf8
28. Re3 Rad8 29. Qh8+ Kf7 30. Qh7+ Kf6 31. Qxe7+ Kxe7 32. Rxe4+ Be6 33. Rxd8
Rxd8 34. Ra4 Rd1+ 35. Kh2 Rd2 36. Rxa7 Rxe2 37. Rxb7+ Kf6 38. a4 Rxf2 39. Rb6
Ke5 40. Kg1 Ra2 41. Bf1 Rxa4 42. Ra6 Rb4 43. h4 Rb1 44. Kf2 Rb2+ 45. Ke3 Rb3+
46. Kf2 Rb2+ 47. Kg1 Rb1 48. Kf2 Rb2+ 49. Ke3 Rb3+ 50. Kd2 Rxg3 51. b6 Rb3 52.
Kc2 Rb4 53. Kc3 Rb3+ 54. Kc2 Rb4 55. Kc3 Rb3+ 56. Kc2 1/2-1/2

[Event "Mitropacup 2006 Women´s section"]
[Site "Brno, Hotel Bobbycentrum"]
[Date "????.??.??"]
[Round "4.3"]
[White "Machalova, Erika"]
[Black "Solic, Kristina"]
[Result "1/2-1/2"]
[WhiteElo "2064"]
[BlackElo "2156"]
[PlyCount "90"]
[EventDate "2006.09.07"]

1. d4 d5 2. c4 e6 3. Nc3 c6 4. Nf3 Nf6 5. e3 Nbd7 6. Bd3 Bd6 7. O-O O-O 8. b3
b6 9. Bb2 Bb7 10. Rc1 Qe7 11. e4 dxe4 12. Nxe4 Nxe4 13. Bxe4 Nf6 14. Bb1 Bf4
15. Nd2 c5 16. Qc2 cxd4 17. Bxd4 Bxh2+ 18. Kh1 e5 19. Be3 Bf4 20. Bxf4 exf4 21.
Qf5 Qe2 22. Qxf4 Rad8 23. Nf3 Bxf3 24. gxf3 Qd2 25. Qh2 Rd6 26. Bc2 Rc6 27.
Rfd1 Qe2 28. Qf4 Qxf2 29. Rg1 Qc5 30. Rg5 Qd6 31. Qe3 Qe6 32. Qf4 Qh3+ 33. Kg1
Qh6 34. Re1 Rc5 35. Ree5 Rxe5 36. Qxe5 Re8 37. Qg3 g6 38. f4 Qf8 39. f5 Ne4 40.
Bxe4 Rxe4 41. f6 Re6 42. Rf5 Qa8 43. Qf3 Qe4 44. Kh2 Qc6 45. Kg3 Qc8 1/2-1/2

[Event "Mitropacup 2006 Women´s section"]
[Site "Brno, Hotel Bobbycentrum"]
[Date "????.??.??"]
[Round "4.4"]
[White "Hodova, Lucie"]
[Black "Ohme, Melanie"]
[Result "0-1"]
[WhiteElo "2112"]
[BlackElo "2123"]
[PlyCount "44"]
[EventDate "2006.09.07"]

1. e4 c5 2. Nf3 e6 3. d4 cxd4 4. Nxd4 a6 5. Nc3 b5 6. g3 Bb7 7. Bg2 Nc6 8. O-O
Bc5 9. Nb3 Ba7 10. Re1 d6 11. Qg4 Nf6 12. Qe2 Ne5 13. h3 Qc7 14. a3 Rc8 15. Kh2
h5 16. Bg5 h4 17. gxh4 Ng6 18. Rad1 Nxh4 19. Bh1 Ng6 20. Nd4 d5+ 21. e5 Nxe5
22. Bf4 Neg4+ 0-1

[Event "Mitropacup 2006 Women´s section"]
[Site "Brno, Hotel Bobbycentrum"]
[Date "????.??.??"]
[Round "4.4"]
[White "Hoolt, Sarah"]
[Black "Balkova, Anna"]
[Result "1/2-1/2"]
[WhiteElo "2122"]
[BlackElo "2014"]
[PlyCount "79"]
[EventDate "2006.09.07"]

1. d4 d5 2. c4 e6 3. Nc3 c5 4. e3 Nf6 5. Nf3 Be7 6. dxc5 Bxc5 7. a3 O-O 8. b4
Bb6 9. cxd5 exd5 10. Be2 Nc6 11. O-O d4 12. b5 dxc3 13. bxc6 Qc7 14. a4 Qxc6
15. a5 Bc5 16. Qc2 Bb4 17. Ba3 Qc5 18. Bxb4 Qxb4 19. Rfb1 Qe7 20. Qxc3 Bf5 21.
Rb5 Be4 22. Re5 Qd6 23. Rd1 Qc6 24. Rc5 Qe8 25. Bb5 Qb8 26. Ng5 h6 27. Nh3 b6
28. axb6 axb6 29. Rc4 Ra5 30. Bc6 Bxc6 31. Rxc6 Ra7 32. Nf4 Rd8 33. Rc1 Rad7
34. Qb3 Nd5 35. Nxd5 Rxd5 36. Qxd5 Rxd5 37. Rc8+ Qxc8 38. Rxc8+ Kh7 39. Kf1 Rd2
40. h4 1/2-1/2

[Event "Mitropacup 2006 Women´s section"]
[Site "Brno, Hotel Bobbycentrum"]
[Date "????.??.??"]
[Round "4.5"]
[White "Padurariu, Ioana-Smaranda"]
[Black "Kulovana, Eva"]
[Result "0-1"]
[WhiteElo "2221"]
[BlackElo "2199"]
[PlyCount "76"]
[EventDate "2006.09.07"]

1. d4 d5 2. Nf3 Nf6 3. Bg5 Ne4 4. Bf4 Bf5 5. e3 e6 6. h3 Bd6 7. Bxd6 Qxd6 8. c3
h6 9. Nbd2 Nd7 10. Nxe4 Bxe4 11. Nd2 Bh7 12. Be2 e5 13. Qb3 O-O 14. O-O c6 15.
Rac1 Qc7 16. Rfd1 Rad8 17. dxe5 Nxe5 18. Nf3 Nd7 19. c4 dxc4 20. Qxc4 Nf6 21.
Nd4 Qe7 22. b4 Be4 23. a4 Nd7 24. Nb3 Bd5 25. Qc3 Ne5 26. Nc5 f5 27. Nxb7 Qxb7
28. Qxe5 Qxb4 29. Rb1 Qd6 30. Qc3 Qg6 31. Bf1 f4 32. Re1 Bxg2 33. Kh2 f3 34.
Bc4+ Kh8 35. Qe5 Rf5 36. Qg3 Rh5 37. h4 Qf6 38. Be6 Rxh4+ 0-1

[Event "Mitropacup 2006 Women´s section"]
[Site "Brno, Hotel Bobbycentrum"]
[Date "????.??.??"]
[Round "5.1"]
[White "Gheorghe, Corina"]
[Black "Medunova, Vera"]
[Result "1/2-1/2"]
[WhiteElo "2257"]
[BlackElo "2172"]
[PlyCount "64"]
[EventDate "2006.09.07"]

1. e4 c5 2. Nf3 Nc6 3. d4 cxd4 4. Nxd4 e5 5. Nb5 d6 6. N1c3 a6 7. Na3 Be6 8. f4
exf4 9. Bxf4 Rc8 10. Nc4 Bxc4 11. Bxc4 Nf6 12. Qd2 Ne5 13. Bb3 Be7 14. O-O O-O
15. Kh1 b5 16. Rad1 Rc5 17. Qe2 Qb8 18. Be3 Rcc8 19. Bg5 Ned7 20. e5 Nxe5 21.
Bxf6 Bxf6 22. Rxf6 gxf6 23. Nd5 Kg7 24. Rf1 Rc5 25. Nxf6 Qd8 26. Qh5 h6 27. Ne4
Rc7 28. Rf6 Rh8 29. Rxd6 Qe7 30. Rxa6 Ng6 31. Qf3 Re8 32. Ng3 Qe1+ 1/2-1/2

[Event "Mitropacup 2006 Women´s section"]
[Site "Brno, Hotel Bobbycentrum"]
[Date "????.??.??"]
[Round "5.1"]
[White "Nemcova, Katerina"]
[Black "Padurariu, Ioana-Smaranda"]
[Result "1-0"]
[WhiteElo "2169"]
[BlackElo "2221"]
[PlyCount "45"]
[EventDate "2006.09.07"]

1. e4 c5 2. Nf3 d6 3. d4 cxd4 4. Nxd4 Nf6 5. Nc3 a6 6. Bc4 e6 7. Bb3 Nbd7 8.
O-O Nc5 9. Qe2 Be7 10. f4 Qc7 11. e5 dxe5 12. fxe5 Nfd7 13. Bf4 Nf8 14. Nf5
Nxb3 15. Nxg7+ Kd8 16. cxb3 Ng6 17. Bg3 Rf8 18. Rac1 Qc5+ 19. Bf2 Qxe5 20. Bb6+
Kd7 21. Rfd1+ Bd6 22. Qxe5 Nxe5 23. Ne4 1-0

[Event "Mitropacup 2006 Women´s section"]
[Site "Brno, Hotel Bobbycentrum"]
[Date "????.??.??"]
[Round "5.2"]
[White "Ohme, Melanie"]
[Black "Blazkova, Petra"]
[Result "0-1"]
[WhiteElo "2123"]
[BlackElo "2173"]
[PlyCount "56"]
[EventDate "2006.09.07"]

1. Nf3 f5 2. c4 Nf6 3. Nc3 g6 4. g3 Bg7 5. Bg2 O-O 6. O-O d6 7. d4 Nc6 8. d5
Ne5 9. Nxe5 dxe5 10. e4 f4 11. Qd3 g5 12. b4 Qe8 13. Bd2 Qg6 14. f3 fxg3 15.
hxg3 Nh5 16. Ne2 g4 17. Be1 gxf3 18. Bxf3 Bh3 19. Bg2 Bxg2 20. Kxg2 Rxf1 21.
Kxf1 Rf8+ 22. Kg2 Nf4+ 23. Nxf4 exf4 24. Bc3 f3+ 25. Kf2 Bxc3 26. Qxc3 Qh5 27.
Qd3 Qh2+ 28. Kf1 Qg2+ 0-1

[Event "Mitropacup 2006 Women´s section"]
[Site "Brno, Hotel Bobbycentrum"]
[Date "????.??.??"]
[Round "5.2"]
[White "Kulovana, Eva"]
[Black "Hoolt, Sarah"]
[Result "1/2-1/2"]
[WhiteElo "2199"]
[BlackElo "2122"]
[PlyCount "85"]
[EventDate "2006.09.07"]

1. e4 c5 2. Nf3 e6 3. d4 cxd4 4. Nxd4 Nc6 5. Nc3 Qc7 6. Be2 a6 7. O-O Nf6 8.
Kh1 Nxd4 9. Qxd4 Bc5 10. Qd3 b5 11. f4 Bb7 12. Bf3 b4 13. e5 bxc3 14. exf6 cxb2
15. Bxb2 g6 16. Be5 d6 17. Bxd6 Qxd6 18. Qxd6 Bxd6 19. Bxb7 Ra7 20. Rad1 Rxb7
21. Rxd6 O-O 22. Rxa6 h6 23. h3 Rc8 24. Rd1 Kh7 25. Rd2 g5 26. fxg5 hxg5 27.
Rf2 Kg6 28. Ra3 Rb2 29. Rg3 Rcxc2 30. Rxc2 Rxc2 31. h4 Rxa2 32. Rxg5+ Kxf6 33.
Rg8 Ke5 34. Kh2 f5 35. h5 Kf6 36. Rg6+ Kf7 37. Kh3 Ra4 38. Rg3 e5 39. Rg5 Kf6
40. Rg6+ Kf7 41. Kg3 Rb4 42. Kh3 Ra4 43. Rg5 1/2-1/2

[Event "Mitropacup 2006 Women´s section"]
[Site "Brno, Hotel Bobbycentrum"]
[Date "????.??.??"]
[Round "5.3"]
[White "Balkova, Anna"]
[Black "Machalova, Erika"]
[Result "1/2-1/2"]
[WhiteElo "2014"]
[BlackElo "2064"]
[PlyCount "72"]
[EventDate "2006.09.07"]

1. e4 c5 2. Nf3 d6 3. d4 cxd4 4. Nxd4 Nf6 5. Nc3 a6 6. Bc4 e6 7. Bb3 Nbd7 8.
O-O Nc5 9. f3 b5 10. Be3 Bb7 11. Bf2 Be7 12. a3 O-O 13. Ba2 Qc7 14. Qd2 Rac8
15. Nce2 Na4 16. c3 Nb6 17. Bxe6 fxe6 18. Nxe6 Nc4 19. Qc2 Qd7 20. Nxf8 Bxf8
21. Rad1 Qf7 22. Ng3 Qg6 23. Qc1 d5 24. exd5 Nxd5 25. Rfe1 Bd6 26. Qb1 Qh6 27.
Rxd5 Bxd5 28. Qf5 Bb7 29. Qd7 Nxb2 30. Qxb7 Rf8 31. Qd5+ Kh8 32. Re6 Qc1+ 33.
Re1 Qf4 34. Re4 Qc1+ 35. Re1 Qf4 36. Re4 Qc1+ 1/2-1/2

[Event "Mitropacup 2006 Women´s section"]
[Site "Brno, Hotel Bobbycentrum"]
[Date "????.??.??"]
[Round "5.4"]
[White "Machalova, Veronika"]
[Black "Franciskovic, Borka"]
[Result "1-0"]
[WhiteElo "2212"]
[BlackElo "2160"]
[PlyCount "101"]
[EventDate "2006.09.07"]

1. e4 c6 2. d4 d5 3. exd5 cxd5 4. Bd3 Nc6 5. c3 Nf6 6. h3 g6 7. Nf3 Bf5 8. Bxf5
gxf5 9. Bf4 e6 10. Nbd2 Bd6 11. Bxd6 Qxd6 12. Qb3 Rb8 13. Qb5 a6 14. Qe2 Rg8
15. Rg1 Ne4 16. Qe3 b5 17. a3 a5 18. g4 Nxd2 19. Qxd2 fxg4 20. hxg4 Rg6 21. g5
Kf8 22. Rh1 Kg8 23. Qe3 b4 24. axb4 axb4 25. Rh4 bxc3 26. bxc3 Ne7 27. Rh3 Nf5
28. Qd2 Qc7 29. Ne5 Rg7 30. Ng4 Rd8 31. Nf6+ Kh8 32. f4 h6 33. Kf2 Rb8 34. Rah1
Rg6 35. Ng4 Rb3 36. Nxh6 Nxh6 37. Rxh6+ Kg7 38. Rxg6+ fxg6 39. Rc1 Qb8 40. Kf3
Qa8 41. Kg3 Kf7 42. Ra1 Rb7 43. Qe2 Rc7 44. Qd3 Qc8 45. Rc1 Qf8 46. Rh1 Kg7 47.
Qe3 Kg8 48. Qxe6+ Rf7 49. Qxg6+ Rg7 50. Qe6+ Rf7 51. g6 1-0

[Event "Mitropacup 2006 Women´s section"]
[Site "Brno, Hotel Bobbycentrum"]
[Date "????.??.??"]
[Round "5.4"]
[White "Solic, Kristina"]
[Black "Machalova, Maria"]
[Result "1/2-1/2"]
[WhiteElo "2156"]
[BlackElo "2166"]
[PlyCount "117"]
[EventDate "2006.09.07"]

1. e4 c5 2. Nf3 g6 3. d4 cxd4 4. Nxd4 Nc6 5. c4 Bg7 6. Be3 Nf6 7. Nc3 d6 8. Be2
O-O 9. O-O Bd7 10. f3 a5 11. b3 Nxd4 12. Bxd4 Bc6 13. Qd2 Nd7 14. Be3 Nc5 15.
Rab1 Qc7 16. Rfc1 Rfc8 17. Bf1 Qd8 18. Rc2 b6 19. Qe2 h5 20. a3 Nd7 21. Rbc1
Kh7 22. b4 axb4 23. axb4 Ra3 24. Nd5 Bxd5 25. exd5 Rb3 26. Qd2 Ra8 27. Kh1 Ra4
28. c5 bxc5 29. bxc5 Nxc5 30. Bxc5 dxc5 31. Rxc5 Rb2 32. Qe1 Rd4 33. Rd1 Rxd1
34. Qxd1 Qd6 35. Rc1 Qf4 36. Rc4 Qd2 37. Qxd2 Rxd2 38. g3 Rxd5 39. Re4 Bf6 40.
Bc4 Rd1+ 41. Kg2 Kg7 42. Re2 Rd4 43. Bb3 h4 44. Bc2 Rc4 45. Be4 Rc1 46. Ra2
hxg3 47. hxg3 Be5 48. f4 Bd6 49. Rc2 Ra1 50. Bd5 Ra3 51. Bf3 Rd3 52. Be4 Re3
53. Bf3 Re1 54. Re2 Rc1 55. Rd2 Bc5 56. Re2 Rg1+ 57. Kh2 Rf1 58. Kg2 Rg1+ 59.
Kh2 1/2-1/2

[Event "Mitropacup 2006 Women´s section"]
[Site "Brno, Hotel Bobbycentrum"]
[Date "????.??.??"]
[Round "5.5"]
[White "Rozic, Vesna"]
[Black "Flear, Christine"]
[Result "1-0"]
[WhiteElo "2252"]
[BlackElo "2198"]
[PlyCount "109"]
[EventDate "2006.09.07"]

1. d4 f5 2. g3 Nf6 3. Bg2 e6 4. Nh3 Be7 5. Nf4 d6 6. Nd3 Nc6 7. c3 O-O 8. Nd2
Qe8 9. O-O Kh8 10. Re1 Qf7 11. e4 fxe4 12. Nxe4 Nxe4 13. Bxe4 e5 14. dxe5 Nxe5
15. f4 Nc6 16. Nf2 Bd7 17. Bd5 Qf6 18. Be3 Rae8 19. Qd2 a6 20. Re2 Qg6 21. Be4
Bf5 22. Bxf5 Qxf5 23. Rae1 Qg6 24. Qd3 Qxd3 25. Nxd3 Bf6 26. Bd2 Rxe2 27. Rxe2
Kg8 28. Kg2 Kf7 29. Kf3 g6 30. Nf2 Bg7 31. Ne4 h6 32. g4 Re8 33. Ng3 Rxe2 34.
Kxe2 Ne7 35. h4 Nd5 36. h5 gxh5 37. Nxh5 Bf8 38. c4 Ne7 39. Kd3 Ng6 40. Ke4 c6
41. Bc3 Ne7 42. b3 d5+ 43. cxd5 Nxd5 44. Bd2 b5 45. Ng3 Nf6+ 46. Kf5 Nd5 47.
Ke5 Ke7 48. Nf5+ Kd7 49. Bc1 Nc3 50. a3 Nd1 51. g5 hxg5 52. fxg5 Nf2 53. Kf6
Nd3 54. Kf7 Bc5 55. g6 1-0

[Event "Mitropacup 2006 Women´s section"]
[Site "Brno, Hotel Bobbycentrum"]
[Date "????.??.??"]
[Round "5.5"]
[White "Benard, Anne-Laurie"]
[Black "Novak, Ksenija"]
[Result "1/2-1/2"]
[WhiteElo "2046"]
[BlackElo "2169"]
[PlyCount "49"]
[EventDate "2006.09.07"]

1. e4 c5 2. Nc3 Nc6 3. Bb5 g6 4. Bxc6 dxc6 5. d3 Bg7 6. Be3 Qd6 7. f4 e5 8. Qd2
exf4 9. Bxf4 Qe7 10. Nf3 h6 11. O-O g5 12. Bg3 Be6 13. Rae1 Nf6 14. Be5 Nh5 15.
Nd5 cxd5 16. Bxg7 Nxg7 17. exd5 O-O 18. dxe6 Nxe6 19. Ne5 Qd6 20. Nc4 Qd4+ 21.
Kh1 Nf4 22. Re4 Qd5 23. Re5 Qc6 24. Qf2 b6 25. Qg3 1/2-1/2

[Event "Mitropacup 2006 Women´s section"]
[Site "Brno, Hotel Bobbycentrum"]
[Date "????.??.??"]
[Round "6.1"]
[White "Medunova, Vera"]
[Black "Delorme, Laurie"]
[Result "1-0"]
[WhiteElo "2172"]
[BlackElo "2068"]
[PlyCount "81"]
[EventDate "2006.09.07"]

1. e4 e5 2. f4 d5 3. exd5 c6 4. d3 cxd5 5. fxe5 Nc6 6. Nf3 Bc5 7. c3 d4 8. Be2
Nge7 9. b4 Bb6 10. b5 Nb8 11. a4 a6 12. c4 axb5 13. cxb5 Ba5+ 14. Bd2 Nd5 15.
O-O Bxd2 16. Qxd2 Ne3 17. Rc1 Be6 18. Qb4 Nf5 19. Na3 Nd7 20. Nc2 Nb6 21. Ncxd4
Nd5 22. Qc5 Nxd4 23. Qxd4 g5 24. Bf1 h5 25. Nd2 Qe7 26. Ne4 Rd8 27. Nd6+ Kf8
28. Qa7 Nf4 29. Qxb7 Rd7 30. Qb6 Kg7 31. a5 Nd5 32. Qc5 h4 33. a6 h3 34. b6
hxg2 35. Bxg2 Nf4 36. Qe3 Bg4 37. Re1 Qe6 38. a7 Nxg2 39. Kxg2 Bh3+ 40. Kh1
Qd5+ 41. Qe4 1-0

[Event "Mitropacup 2006 Women´s section"]
[Site "Brno, Hotel Bobbycentrum"]
[Date "????.??.??"]
[Round "6.1"]
[White "Benard, Anne-Laurie"]
[Black "Nemcova, Katerina"]
[Result "1/2-1/2"]
[WhiteElo "2046"]
[BlackElo "2169"]
[PlyCount "71"]
[EventDate "2006.09.07"]

1. e4 c5 2. Nc3 Nc6 3. Bb5 g6 4. Bxc6 bxc6 5. f4 Bg7 6. Nf3 d6 7. O-O Nf6 8. d3
O-O 9. Qe1 Rb8 10. Qh4 e6 11. Ng5 h6 12. Nf3 Nd7 13. Qg3 c4 14. f5 exf5 15.
exf5 cxd3 16. fxg6 fxg6 17. cxd3 Ne5 18. Bf4 Nxf3+ 19. Rxf3 Rxb2 20. Qxg6 Bf5
21. Qg3 Rf6 22. Qh4 Qb6+ 23. Be3 Rxg2+ 24. Kxg2 Qb2+ 25. Qf2 Qxa1 26. Bd4 Rg6+
27. Rg3 Bxd4 28. Rxg6+ Bxg6 29. Qxd4 Qb2+ 30. Kg3 Qd2 31. Ne4 Bxe4 32. Qxe4
Qg5+ 33. Kh3 Qh5+ 34. Kg2 Qg5+ 35. Kh3 h5 36. Qe6+ 1/2-1/2

[Event "Mitropacup 2006 Women´s section"]
[Site "Brno, Hotel Bobbycentrum"]
[Date "????.??.??"]
[Round "6.2"]
[White "Franciskovic, Borka"]
[Black "Rozic, Vesna"]
[Result "1/2-1/2"]
[WhiteElo "2160"]
[BlackElo "2252"]
[PlyCount "69"]
[EventDate "2006.09.07"]

1. c4 e6 2. Nf3 d5 3. g3 Nf6 4. Bg2 dxc4 5. Qa4+ Nbd7 6. Qxc4 a6 7. Qb3 c5 8.
a4 Bd6 9. Na3 Bc7 10. Nc4 O-O 11. d3 Nb6 12. Nxb6 Bxb6 13. O-O Bc7 14. Be3 Qe7
15. Rfc1 Bd6 16. Nd2 Ng4 17. Nc4 Nxe3 18. Nxe3 Rb8 19. a5 Bd7 20. Nc4 Bc7 21.
Qc3 Bb5 22. Na3 Bd6 23. Nxb5 axb5 24. a6 bxa6 25. Rxa6 Rfc8 26. Qa5 g6 27. Rc6
Rxc6 28. Bxc6 b4 29. Bf3 Be5 30. b3 Bc3 31. Rc2 Rc8 32. Ra2 Qc7 33. Qxc7 Rxc7
34. Ra6 Kg7 35. Bc6 1/2-1/2

[Event "Mitropacup 2006 Women´s section"]
[Site "Brno, Hotel Bobbycentrum"]
[Date "????.??.??"]
[Round "6.2"]
[White "Novak, Ksenija"]
[Black "Solic, Kristina"]
[Result "1/2-1/2"]
[WhiteElo "2169"]
[BlackElo "2156"]
[PlyCount "71"]
[EventDate "2006.09.07"]

1. e4 c5 2. Nf3 Nc6 3. d4 cxd4 4. Nxd4 Nf6 5. Nc3 d6 6. Bg5 e6 7. Qd2 Be7 8.
O-O-O Nxd4 9. Qxd4 O-O 10. f3 a6 11. h4 b5 12. Kb1 Qa5 13. Qd2 b4 14. Ne2 Rd8
15. g4 e5 16. Bxf6 Bxf6 17. Qd5 Qxd5 18. exd5 Bb7 19. Ng3 Be7 20. a3 a5 21. b3
Rdc8 22. Ne4 Rc7 23. axb4 axb4 24. Kb2 Bc8 25. Bd3 f5 26. gxf5 Bxf5 27. Ra1
Rxa1 28. Rxa1 Bxe4 29. Bxe4 Bxh4 30. Ra8+ Kf7 31. Bxh7 Bf2 32. Bd3 Ra7 33.
Rxa7+ Bxa7 34. c3 Bc5 35. cxb4 Bxb4 36. Kc2 1/2-1/2